[Event "Départementale 49"]
[Site "?"]
[Date "2022.01.30"]
[Round "4.2"]
[White "Rabouin, Hean-Philippe"]
[Black "Bordereau, Ulysse"]
[Result "0-1"]
[WhiteElo "1288"]
[BlackElo "1199"]
[Annotator "Analyse tactique 4.0 (6s)"]
[PlyCount "68"]
[EventDate "2021.??.??"]
[WhiteTeam "Feneu 1"]
[BlackTeam "Angers 3"]

{[%evp 9,68,15,23,0,14,15,18,0,24,25,34,31,53,49,43,11,143,134,131,32,47,41,35,
3,35,35,41,35,61,13,22,6,0,-106,-69,-383,-380,-424,-418,-415,-400,-434,-447,
-452,-451,-448,-431,-429,-395,-631,-638,-662,-646,-895,-866,-941,-852,-1301,
-1095,-1269,-1038]} 1. e4 e5 2. Nf3 Nc6 3. Bc4 Nf6 4. Nc3 Bb4 5. d3 h6 6. a3 {
C55: Défense des deux Cavaliers.} Ba5 7. O-O d6 8. h3 {La position est
équilibrée.} Bb6 9. Be3 {[#]} Na5 $146 ({Prédécesseur:} 9... Be6 10. Bb5
Nd7 11. Nd5 Ne7 12. Bxd7+ Qxd7 13. Nxb6 axb6 14. d4 f6 15. d5 Bf7 {0-1 (35)
Kolinski,D (1721)-Rymarowicz,P Warsaw 2009}) 10. Ba2 Qe7 11. Qd2 Be6 12. b3 d5
{[%eval 143,23]} (12... Nc6 $11 {[%eval 11,19] assure la nulle.}) 13. exd5 $16
(13. Nxe5 d4 $17) 13... Nxd5 14. b4 {[%eval 32,21]} ({Pas touche} 14. Nxe5 Nxe3
15. fxe3 c5 $14) (14. Bxb6 $16 {[%eval 131,19]} axb6 15. b4 (15. Nxe5 Qxa3 16.
Nb5 Qb2 $16) 15... Nxc3 16. Bxe6 (16. Qxc3 Bxa2 17. Rxa2 Nc6 $16) 16... fxe6
17. Qxc3) 14... Nxe3 $14 15. fxe3 {[#] visant Fxe6.} Nc6 16. Kh1 O-O-O 17. b5
Na5 {[%cal Bc6a5,Ba5c4,Bc4a3,Ba3c2][%mdl 32]} 18. e4 g5 19. Nh2 {[%eval 13,20]}
(19. Bxe6+ $14 {[%eval 61,18]} Qxe6 20. Nd5) 19... Bxa2 20. Nxa2 Nc4 21. Qe1 {
[%eval -106,22]} (21. Qb4 $11 {[%eval 0,20] maintient l'égalité.} Nd6 22. c4)
21... Nxa3 22. Nc3 $2 {[%eval -383,20][%mdl 8192] Perd la partie.} ({les
Blancs devraient essayer} 22. Nb4 $15 {[%eval -69,20]} Bc5 23. Nd5 Rxd5 24.
Rxa3) 22... Nxc2 $19 {[%mdl 64] [#] Attaque double} 23. Qe2 Nxa1 24. Rxa1 Qb4
25. Qc2 Bd4 26. Rc1 Bxc3 27. Qxc3 Qxc3 28. Rxc3 {[%mdl 4096] Finale RTT-RTC}
Rd4 29. Rb3 {[%eval -631,24]} (29. Nf3 $142 {[%eval -395,22]} Rb4 30. Nxe5)
29... Rhd8 {Les Noirs sont clairement gagnants.} 30. Nf3 Rxd3 31. Rxd3 Rxd3 32.
Nxe5 Re3 33. Nxf7 Rxe4 34. Kg1 b6 {Valeur d'erreur pondérée: Blancs=0.85/
Noirs=0.22} 0-1

[Event "Départementale 49"]
[Site "?"]
[Date "2022.01.30"]
[Round "4.3"]
[White "Moudakir, Yanis"]
[Black "Bouleau, Henry"]
[Result "1-0"]
[WhiteElo "1199"]
[BlackElo "1257"]
[Annotator "Analyse tactique 4.0 (6s)"]
[PlyCount "89"]
[EventDate "2021.??.??"]
[WhiteTeam "Angers 3"]
[BlackTeam "Feneu 1"]

{[%evp 10,89,51,33,39,44,42,25,28,31,25,10,11,-193,-19,-42,-27,-99,-46,-118,
-131,-123,-123,-234,-249,-247,-246,-260,-243,-230,-243,-315,-260,-259,-260,
-256,-260,-271,-234,-253,-228,-228,-206,-224,-179,-227,-227,-246,-240,-285,
-217,-294,-283,-450,-373,-482,-360,-373,-197,-375,-91,-87,417,406,414,395,390,
501,529,441,545,450,2207,2299,1454,1585,2163,29981,1808,2171,29983,2720]} 1. e4
d5 2. exd5 Qxd5 3. Nc3 Qa5 4. h3 Nf6 5. Nf3 c6 6. Bc4 Bf5 {B01: Défense
scandinave.} 7. d3 e6 8. a3 Nbd7 {Petit avantage blanc.} 9. O-O Bd6 10. Re1 O-O
11. b4 $2 {[%eval -193,21]} (11. Nh4 $11 {[%eval 11,17] et les Blancs n'ont
pas de soucis.}) {[%tqu "En","","","","d6b4","",10]} 11... Qc7 $2 {[%eval -19,
19] [#]} (11... Bxb4 $1 $19 {[%eval -193,21][%mdl 512]} 12. axb4 Qxa1) 12. Bg5
$146 ({Prédécesseur:} 12. Bb2 b5 13. Bb3 a5 14. bxa5 Rxa5 15. Nh4 Bg6 16.
Nxg6 hxg6 17. d4 Rfa8 18. a4 {1/2-1/2 (25) Colovic,A (2362)-Guedon,S (2218)
Chambery 2002}) 12... h6 13. Bh4 {[%eval -99,20]} (13. Bd2 $11 {[%eval -27,19]
maintient l'égalité.}) 13... a6 {[%eval -46,19]} (13... g5 $17 {[%eval -99,
20]} 14. Bg3 Bxg3 15. fxg3 g4 16. hxg4 Nxg4) 14. Bg3 {[%eval -118,21]} (14.
Bxf6 $15 {[%eval -46,19]} Nxf6 15. Ne4) 14... Bxg3 $17 15. fxg3 Qxg3 16. Ne4 {
[%eval -234,23]} (16. Ne2 $17 {[%eval -123,19] est une meilleure défense.} Qd6
17. Qd2) 16... Nxe4 $19 17. dxe4 Bxh3 {[%csl Gh3][%cal Rg3g2] [#]} 18. Bf1 Rad8
19. Re3 Bg4 {Les Blancs doivent éviter ...Ce5.} 20. Qd2 Ne5 21. Nxe5 Qxe5 (
21... Rxd2 $2 {perd.} 22. Rxg3 Rd1 23. Rxd1 $18) 22. Qe1 Bh5 23. c3 g5 24. Be2
Bxe2 25. Qxe2 Rd6 26. Qh5 Qg7 27. e5 {[%eval -227,21]} (27. Rf1 $142 {[%eval
-179,21]}) 27... Rd5 28. Rae1 Qg6 29. Qh3 Kg7 30. Re4 Rfd8 31. g4 {[%eval -450,
24]} (31. R4e3 $142 {[%eval -283,19]}) 31... Rd1 {( -> ...Dxe4)} 32. Qf3 Rxe1+
33. Rxe1 {[%mdl 4096] Finale RDT-RDT} f6 {[%eval -197,23]} (33... Rd3 $142 {
[%eval -373,24]} 34. Re3 Rxe3 35. Qxe3 Qb1+ 36. Kh2 Qa2+ 37. Kh3 Qxa3) 34. Qe3
{[%eval -375,20]} (34. exf6+ {[%eval -197,23] continue la lutte.} Qxf6 35. Qe3)
34... fxe5 $2 {[%eval -91,21]} (34... f5 $19 {[%eval -375,20] est plus incisif.
} 35. Qc5 Rd5) 35. Qxe5+ $17 {[%tqu "En","","","","g7g8","",10]} Qf6 $2 {
[%eval 417,24][%mdl 8192]} (35... Kg8 $1 $17 {[%eval -87,24]} 36. a4 Rf8 37.
Qxe6+ Qxe6 38. Rxe6 Rf4 39. Rxh6 Rxg4+ 40. Kf2 Rc4 41. Rg6+ Kf7 42. Rxg5 Rxc3)
{[%tqu "En","","","","e5c7","",10]} 36. Qc7+ $1 $18 {[%mdl 64] [#] Attaque
double} Kg6 {...Tf8 est la forte menace.} 37. Rf1 Qxf1+ 38. Kxf1 {RD-RT} Rf8+
39. Kg2 Rf4 40. Qc8 h5 {[%eval 2207,23]} (40... Rxg4+ $142 {[%eval 450,21]} 41.
Kh2 Rh4+ 42. Kg3 Kf6 43. Qxb7 Rc4 44. Qxa6 Rxc3+ 45. Kg2 Rc2+ 46. Kf3 h5) 41.
Qxe6+ Kg7 42. gxh5 Rf6 43. Qe7+ Rf7 44. Qxg5+ Kf8 45. h6 {[%cal Rg5d8] Quel
mauvais rêve pour les Noirs.  Valeur d'erreur pondérée: Blancs=0.47/Noirs=0.
89} 1-0

[Event "Départementale 49"]
[Site "?"]
[Date "2022.01.30"]
[Round "4.4"]
[White "Benoit, Matthieu"]
[Black "Leterre, Baptiste"]
[Result "0-1"]
[WhiteElo "1227"]
[BlackElo "1199"]
[Annotator "Analyse tactique 4.0 (6s)"]
[PlyCount "66"]
[EventDate "2021.??.??"]
[WhiteTeam "Feneu 1"]
[BlackTeam "Angers 3"]

{[%evp 10,66,25,21,26,-115,-112,-113,-119,-123,-120,-121,-107,-129,-66,-142,
-74,-84,-91,-138,-119,-194,-112,-257,-177,-285,-228,-378,-242,-884,-933,-2178,
-1280,-1961,-936,-1914,-1804,-2162,-992,-1371,-1102,-1102,-1117,-1093,-1021,
-985,-927,-1002,-984,-1344,-1042,-1144,-1039,-1759,-1995,-29993,-1858,-1966,
-1900]} 1. e4 e5 2. Nf3 Nc6 3. Bc4 Bc5 4. d3 Nf6 5. Nc3 O-O 6. Bg5 Be7 {
C50: Partie italienne.} 7. Nd5 {[%eval -115,20]} (7. a4 $11 {[%eval 26,18]
assure la nulle.}) 7... Nxd5 $17 {[%mdl 64] [#] Attaque à la découverte} 8.
exd5 Bxg5 {Les Noirs sont mieux.} 9. dxc6 bxc6 {[#]} 10. O-O $146 ({
Prédécesseur:} 10. Nxe5 Qe7 11. Qe2 d5 12. Bb3 Re8 13. d4 f6 14. c4 Ba6 15.
O-O fxe5 16. Rae1 exd4 17. Qxe7 Rxe7 18. Rxe7 Bxe7 {0-1 (36) Hoppe,N (976)
-Reis,A (1414) Germany 2014}) 10... d5 11. Bb3 Qf6 {[%eval -66,21]} (11... Bf6
$17 {[%eval -129,21]} 12. c3 Qd6) 12. h3 {[%eval -142,19]} ({les Blancs
devraient essayer} 12. Nxg5 $15 {[%eval -66,21]} Qxg5 13. c4) 12... Bh6 {
[%eval -74,21]} (12... Bf4 $142 {[%eval -142,19]} 13. Re1 Bf5) 13. Re1 Re8 14.
Qe2 {[%eval -138,19]} (14. c4 $142 {[%eval -91,18]}) 14... e4 15. d4 {[%eval
-194,18]} (15. c4 $17 {[%eval -119,20] valait d'être tenté.}) 15... Bxh3 {
[%eval -112,21]} ({Meilleur est} 15... Bf4 $19 {[%eval -194,18]} 16. c3 a5) 16.
Ne5 {[%eval -257,19] Les Blancs ne se remettent pas de cela.} (16. gxh3 $17 {
[%eval -112,21]} Qxf3 17. Qxf3 exf3 18. Ba4) 16... Qg5 {[%csl Gh3][%cal Rg5g2]
[#]} 17. g3 {[%eval -285,20]} (17. f4 $142 {[%eval -177,20]} Qg3 18. Qf2 Qxf2+
19. Kxf2) 17... Re6 18. Kh2 {[%eval -378,22]} (18. c4 $142 {[%eval -228,22]}
Rd8 19. cxd5 cxd5 20. Rac1) 18... Rxe5 19. dxe5 $2 {[%eval -884,21]} (19. Kxh3
{[%eval -242,21]} Rf5 20. Kg2) 19... Bg4 $19 20. Qf1 Qh5+ 21. Kg1 Bf3 {[%csl
Gf3][%cal Rh5h1]} 22. Qg2 Bxg2 23. Kxg2 Qxe5 24. Rad1 Qxb2 {...Dc3 est la
forte menace.} 25. f3 exf3+ 26. Kxf3 Qf6+ 27. Kg2 Rd8 28. Rf1 Qg6 {Menace
fortement ...De4+.} 29. Rd3 c5 30. Bxd5 {[%tqu "En","","","","d8d5","",10]}
Rxd5 $1 31. Rxd5 Qe4+ 32. Kf2 Qxd5 {[%eval -1858,24]} (32... Be3+ $142 {
[%eval -32753,16]} 33. Ke2 Bf4+ {[%mdl 64] Attaque à la découverte} 34. Kd1
Qxd5+ {[%mdl 64] Attaque double} 35. Ke2 Qe4+ {[%mdl 64] Attaque double} 36.
Kd1 Qd4+ 37. Ke2 Qe3+ {[%mdl 64] Attaque double} 38. Kd1 Qd2#) 33. Re1 g6 {
Valeur d'erreur pondérée: Blancs=1.51/Noirs=0.92} 0-1

[Event "Départementale 49"]
[Site "Angers"]
[Date "2023.10.15"]
[Round "1"]
[White "Biger, David"]
[Black "Bourcier, François"]
[Result "0-1"]
[WhiteElo "1216"]
[BlackElo "1351"]
[Annotator "Analyse tactique 6.1"]
[PlyCount "79"]
[EventDate "2023.??.??"]
[EventCountry "FRA"]
[WhiteTeam "Angers 4"]
[BlackTeam "Angers 6"]

{[%evp 10,79,103,114,111,103,327,316,333,318,309,310,362,328,307,285,486,486,
487,478,438,413,421,428,413,339,380,339,347,321,321,304,339,212,208,0,0,0,0,
-81,-84,-275,-280,-272,-240,-307,-321,-298,-219,-215,-184,-402,-398,-606,-200,
-428,-431,-430,-430,-421,-392,-379,-346,-587,-335,-1016,-1016,-834,-758,-29980,
-29981,-29972]} 1. d4 Nf6 2. c4 e6 3. Nc3 Bb4 4. Qc2 b6 5. e4 Bb7 6. Bd3 Bxc3+
{E32: Défense Nimzo-indienne (variante classique).} 7. bxc3 d5 $2 {[%eval 327,
31] [%wdl 1000,0,0]} (7... c5 $16 {[%eval 103,27] [%wdl 613,387,0]}) 8. cxd5
$18 exd5 {Les Blancs ont un avantage décisif.} 9. e5 Qe7 10. Ne2 {[#]} Ne4
$146 ({Prédécesseur:} 10... Nfd7 11. O-O Nc6 12. a4 Na5 13. Ba3 Qg5 14. f4
Qh6 15. Ng3 g6 16. c4 {Mc Entee,T (2166)-Fee,K North American op 31st 2012 (6)
1-0}) 11. f3 Ng5 12. h4 Nxf3+ {[%eval 486,25] [%wdl 1000,0,0]} (12... Ne6 {
[%eval 285,27] [%wdl 1000,0,0]} 13. f4 (13. Bxh7 c5 $14) 13... Nd7) 13. gxf3
Nd7 14. Bg5 ({Non!} 14. Bxh7 O-O-O 15. Kf2 Kb8 $18) 14... f6 15. Bf4 O-O-O 16.
exf6 ({Ne pas jouer} 16. Bxh7 Ba6 17. Bf5 fxe5 $18) 16... Nxf6 17. Kd1 h6 18.
Ng3 Qf8 19. Bf5+ Kb8 20. Be5 Bc8 21. Bd3 Nd7 {[%cal Od7e5] [#] visant ...Cxe5!}
{[%tqu "En","","","","g3e2","",10]} 22. f4 {[%eval 0,34] [%wdl 4,992,4]} ({
Meilleur est} 22. Ne2 $1 $18 {[%eval 208,28] [%wdl 998,2,0]}) 22... Nxe5 $11
23. fxe5 {Menace de gagner avec Tf1.} Qf3+ 24. Be2 {[%eval -81,31] [%wdl 0,717,
283]} (24. Qe2 $11 {[%eval 0,34] [%wdl 4,992,4]} Qxg3 25. Kc2) 24... Qxg3 $17 {
Les Noirs convertissent l'avantage de manière convaincante.} 25. Kd2 $2 {
[%eval -275,26] [%wdl 0,0,1000]} (25. Qd3 $17 {[%eval -84,29] [%wdl 0,686,314]
était nécessaire.} Qxd3+ 26. Bxd3) {[%tqu "En","","","","g3f4","",10]} 25...
Qf4+ $1 $19 26. Kd1 g5 27. h5 Rdf8 28. Qd2 Qxd2+ 29. Kxd2 Rf2 30. Ke3 $2 {
[%eval -402,27] [%wdl 0,0,1000]} (30. Rhf1 {[%eval -184,34] [%wdl 0,9,991]} Rh2
31. Ke3) 30... Rhf8 {[%cal Oc8a6]} 31. Rhf1 {[%eval -606,30] [%wdl 0,0,1000]} (
31. Rae1 $142 {[%eval -398,30] [%wdl 0,0,1000]} c5 32. Rhg1) {[%tqu "En","","",
"","f2e2","",10]} 31... Rxf1 $2 {[%eval -200,33] [%wdl 0,4,996]} (31... Rxe2+
$1 {[%eval -606,30] [%wdl 0,0,1000][%mdl 512]} 32. Kxe2 Ba6+ 33. Kd2 Rxf1) 32.
Rxf1 $2 {[%eval -428,27] [%wdl 0,0,1000]} (32. Bxf1 {[%eval -200,33] [%wdl 0,4,
996] seul coup.} Rf4 33. Bg2) 32... Rxf1 33. Bxf1 {[%mdl 4096] Finale RF-RF}
Be6 34. Kf3 Kc8 35. Kg3 Kd7 36. Bh3 $2 {[%eval -587,30] [%wdl 0,0,1000]} (36.
Bb5+ {[%eval -346,30] [%wdl 0,0,1000]} c6 37. Bd3) 36... b5 {[#] Menace
fortement ...Fxh3.} 37. Bxe6+ $2 {[%eval -1016,27] [%wdl 0,0,1000]} (37. Bf1 {
[%eval -335,30] [%wdl 0,0,1000]} a6 38. Bd3) 37... Kxe6 38. Kg4 c5 39. Kf3 cxd4
40. cxd4 {Valeur d'erreur pondérée: Blancs=0.96/Noirs=0.48.  Perd la partie:
Blancs=1     Noirs=1      Gain raté:      Blancs=1     ---        Erreur:    
Blancs=6     Noirs=2      Inexact:        Blancs=1     Noirs=1      Valider:  
Blancs=4     Noirs=9      Meilleur:       Blancs=1     Noirs=3      Fort:     
---        Noirs=1      Brillant:       ---        ---} 0-1

[Event "Départementale 49"]
[Site "Angers"]
[Date "2023.11.26"]
[Round "3.1"]
[White "Davinroy, Noë"]
[Black "Ischanch, Ahmad Navid"]
[Result "0-1"]
[WhiteElo "1199"]
[BlackElo "1322"]
[Annotator "Analyse tactique 4.0 (6s)"]
[PlyCount "98"]
[EventDate "2023.??.??"]
[EventCountry "FRA"]
[WhiteTeam "Trelazé 2"]
[BlackTeam "Angers 5"]

{[%evp 9,97,132,180,36,46,27,147,-29,-33,-156,-152,-155,-155,-248,-241,-260,
-254,-254,-240,-271,-238,-304,-304,-573,-581,-582,-517,-504,-494,-497,-381,
-377,-376,-375,-358,-417,-331,-420,-357,-421,-407,-461,-464,-458,-450,-502,
-508,-545,-537,-546,-485,-520,-485,-487,-450,-525,-526,-517,-486,-546,-540,
-582,-599,-607,-540,-593,-606,-596,-546,-559,-557,-617,-592,-620,-616,-605,
-598,-589,-576,-799,-776,-29991,-29992,-29992,-29993,-29993,-29994,-29994,
-29995,-29999]} 1. e4 e5 2. Nf3 Nc6 3. d4 exd4 4. Nxd4 Ne5 5. Nc3 Nf6 {[%eval
180,24]} (5... Bb4 $16 {[%eval 132,24] était annoncé.}) 6. Bf4 {[%eval 36,23]
C47: Partie des quatre Cavaliers (variante écossaise).} (6. Bg5 $18 {[%eval
180,24]}) {[%tqu "En","","","","e5g6","",10]} 6... Ng6 $14 {[%cal Rg6f4]} 7.
Bg5 (7. Bg3 {maintient la tension.} Bb4 8. Qd3 O-O 9. f3 d5 10. O-O-O) 7... h6
{[%eval 147,23]} (7... Bb4 $11 {[%eval 27,24]}) 8. Be3 $2 {[%eval -29,22]} ({
les Blancs doivent jouer} 8. Bxf6 $16 {[%eval 147,23]} gxf6 9. Qf3) 8... Bb4
$11 {[#]} 9. Bd2 $146 {[%eval -156,21] Les Noirs convertissent l'avantage de
manière convaincante.} (9. Bd3 $15 {[%eval -33,25]}) ({Prédécesseur:} 9. f3
d5 10. Qd3 O-O 11. Bd2 c5 12. Nxd5 Bxd2+ 13. Qxd2 cxd4 14. Qxd4 Nxd5 15. O-O-O
{0-1 (31) Zach,A-Mueller,D Pardubice 2006}) 9... Bxc3 $17 10. Bxc3 Nxe4 11. Qe2
{[%eval -248,23]} (11. Bd3 $17 {[%eval -155,24] est une meilleure défense.}
Nxc3 12. bxc3) {[%tqu "En","","","","e8g8","",10]} 11... O-O $1 $19 ({Moins
fort est} 11... Qe7 12. Nb5 $15) 12. O-O-O Nxc3 13. bxc3 Re8 14. Qf3 d5 15. Bb5
c6 16. Nxc6 {[%eval -573,29]} (16. Bd3 {[%eval -304,24]}) 16... Qg5+ 17. Kb1
Bg4 18. Qxd5 Bxd1 19. Qxg5 Bxc2+ 20. Kxc2 hxg5 21. Nd4 Re5 22. g3 a6 23. Bc4 b5
24. Bf1 Rc8 25. Kb3 Rec5 26. Ne2 Ne5 27. f4 gxf4 {[#] Et maintenant ...f3
devrait gagner.} 28. gxf4 Nd3 29. Bh3 R8c7 {visant ...Cf2.} 30. Rg1 Rh5 31. Rg3
Nf2 32. Ng1 Nxh3 33. Nxh3 {[%mdl 4096] Finale RTT-RTC} a5 34. a4 f6 35. axb5
Rxb5+ 36. Ka4 Rh5 37. Re3 Rhc5 38. Kb3 Rc4 39. Kc2 a4 {[%cal Ba5a4,Ba4a3,Ba3a2]
[%mdl 32]} 40. Kd2 a3 {[#] Les Blancs doivent éviter ...Rf7.} 41. Re8+ Kf7 42.
Ra8 Rxc3 43. Nf2 Rc2+ 44. Ke1 a2 45. Nd1 Rxh2 {Les Noirs font mat.} 46. f5 Rcc2
{[%cal Rh2h1]} 47. Ra7+ Kg8 {[%cal Rh2h1]} 48. Ra8+ Kh7 {[%cal Rh2h1]} 49. Re8
Rh1# {Valeur d'erreur pondérée: Blancs=0.73/Noirs=0.21} 0-1

[Event "Départementale 49"]
[Site "Angers"]
[Date "2023.11.26"]
[Round "3.2"]
[White "Maisonneuve, Lionel"]
[Black "Fontaine, Tomas"]
[Result "1-0"]
[WhiteElo "1309"]
[BlackElo "1199"]
[Annotator "Analyse tactique 4.0 (6s)"]
[PlyCount "63"]
[EventDate "2023.??.??"]
[EventCountry "FRA"]
[WhiteTeam "Angers 5"]
[BlackTeam "Trélazé 2"]

{[%evp 14,63,7,7,60,62,153,154,142,146,139,152,169,163,169,96,182,174,171,160,
165,114,128,78,117,115,149,113,186,119,177,129,128,116,125,139,130,117,244,246,
347,174,527,530,595,571,671,606,607,584,605,582]} 1. d4 d5 2. c4 e6 3. Nc3 Nf6
4. Bg5 Nbd7 5. e3 Be7 6. Nf3 O-O 7. Bd3 dxc4 8. Bxc4 Nd5 {[%eval 60,23] D60:
Gambit Dame (défense orthodoxe).} ({les Noirs devraient jouer} 8... c5 $11 {
[%eval 7,27]}) 9. Bxe7 $14 Qxe7 {[%eval 153,25]} (9... Nxe7 $14 {[%eval 62,24]}
10. O-O b6) 10. Nxd5 $16 exd5 {Les Blancs sont nettement mieux.} 11. Bxd5 Nf6
12. Bb3 {[#]} Bf5 $146 ({Prédécesseur:} 12... Bg4 13. Qc2 Bxf3 14. gxf3 a5
15. Rc1 c6 16. O-O Qd7 17. Kg2 a4 18. Bxa4 Ra5 {1-0 (30) Sukhoplyev,P (1991)
-Urmanov,I (1905) Ufa 2015}) 13. O-O Rad8 14. Ne5 {[%eval 96,26]} (14. Rc1 $18
{[%eval 169,25]}) 14... Rd6 {[%eval 182,19]} (14... c5 $16 {[%eval 96,26]}) 15.
Rc1 $18 c6 16. Qe1 Nd7 17. Nxd7 {[%eval 114,25]} (17. f4 $18 {[%eval 165,24]})
17... Qxd7 $16 18. Qe2 {[%eval 78,24]} (18. Rc3 $142 {[%eval 128,25]}) 18...
Bg4 19. Qd3 Rc8 20. Qc3 Rh6 {[%eval 186,21]} (20... b6 $16 {[%eval 113,24]}) {
[%tqu "En","","","","e3e4","",10]} 21. Bd1 {[%eval 119,25]} (21. e4 $1 $18 {
[%eval 186,21]}) 21... Bh5 {[%eval 177,22]} (21... Qd6 $16 {[%eval 119,25]} 22.
f4 Bxd1 23. Rfxd1 (23. Rcxd1 Re8 $14) 23... Re8) 22. Bxh5 {[%eval 129,26]} (22.
f3 $18 {[%eval 177,22]}) 22... Rxh5 23. Rfd1 Qd6 24. h3 Re8 25. e4 {[%mdl 64] 
[#] Déviation} Rxe4 {[%eval 244,26] Ceci coûte la partie aux Noirs.} (25...
Rh4 $16 {[%eval 117,25] valait d'être tenté.}) {[%tqu "En","","","","c3f3",
"",10]} 26. Qf3 $1 $18 {[%csl LRe4,LRh5][%cal Rf3e4]} Rhh4 {[%eval 347,28]} (
26... Qg6 {[%eval 246,28] était nécessaire.} 27. d5 Re8) {[%tqu "En","","",
"","d4d5","",10]} 27. g3 {[%eval 174,26]} (27. d5 $142 $1 {[%eval 347,28][%mdl
512] Menace de gagner avec dxc6.} Rd4 (27... cxd5 28. Rc8+) 28. g4 (28. dxc6
bxc6 29. Re1 g6 $16) 28... Rxd1+ 29. Rxd1) 27... Ref4 $2 {[%eval 527,24]} (
27... Qg6 {[%eval 174,26] est une meilleure chance.}) 28. gxf4 {Les Blancs
sont clairement gagnants.} Qg6+ 29. Qg2 Rxh3 30. Qxg6 hxg6 31. Kg2 Rh4 32. Kg3
{Valeur d'erreur pondérée: Blancs=0.28/Noirs=0.67} 1-0

[Event "Départementale 49"]
[Site "Angers"]
[Date "2023.11.26"]
[Round "3.3"]
[White "Antoniazzi, Matteo"]
[Black "Rivallain, Jonas"]
[Result "1-0"]
[WhiteElo "1199"]
[BlackElo "1199"]
[Annotator "Analyse tactique 4.0 (6s)"]
[PlyCount "77"]
[EventDate "2023.??.??"]
[EventCountry "FRA"]
[WhiteTeam "Echiquier Angevin 5"]
[BlackTeam "Trelazé 2"]

{[%evp 9,77,32,36,11,12,-64,-10,-21,107,102,110,45,54,-7,8,-19,-18,-44,-3,-36,
-7,-14,92,91,92,94,96,73,92,21,116,114,109,-37,-30,-65,-69,-75,-65,-62,-8,-3,
-5,-5,0,0,0,-10,43,-107,0,-406,561,467,29968,29969,29968,29970,29966,29969,
29961,29961,29989,3759,29989,-700,-637,-1328,-1308,-29996]} 1. c4 c5 2. Nc3 Nf6
3. Nf3 Nc6 4. e3 d5 5. cxd5 Nxd5 6. Nxd5 {A34: Ouverture anglaise (variante
symétrique, système Rubinstein).} Qxd5 7. Be2 {[%eval -64,25] [#]} (7. b3 $11 {
[%eval 12,24]}) 7... Bg4 $146 {[%eval -10,30]} (7... e5 $15 {[%eval -64,25]}) (
{Prédécesseur:} 7... e5 8. d3 Bg4 9. O-O Be7 10. h3 Bh5 11. e4 Qd7 12. Be3
O-O 13. Rc1 b6 {1/2-1/2 (21) Ninic,D (2003)-Stevic,D (1897) Kladovo 2016}) 8.
O-O {La position est équilibrée.} Bxf3 {[%eval 107,21]} (8... e5 $11 {
[%eval -21,23]}) 9. Bxf3 $16 Qd7 10. Bxc6 {[%eval 45,25]} (10. b3 $16 {[%eval
110,23]}) 10... Qxc6 $14 11. Qg4 {[%eval -7,24]} (11. b3 $14 {[%eval 54,20]})
11... g6 12. d4 Bg7 13. Bd2 O-O {[%eval -3,29]} (13... cxd4 $15 {[%eval -44,23]
} 14. Rac1 Qd7 15. Qxd7+ Kxd7) 14. Bc3 Rfe8 15. Rfd1 e5 {[%eval 92,22]} (15...
Red8 $11 {[%eval -14,31] assure la nulle.}) 16. d5 $16 Qd6 17. e4 b5 18. b3 c4
19. b4 {[%eval 21,25]} (19. bxc4 $16 {[%eval 92,24]} Rec8 20. c5 Qxc5 21. Bd2)
19... Rf8 {[%eval 116,22]} (19... a5 $11 {[%eval 21,25]} 20. a3 (20. bxa5 b4
$17) 20... a4) 20. a4 a6 21. a5 {[%eval -37,23]} (21. Qg5 $16 {[%eval 109,26]})
21... f5 $15 22. exf5 gxf5 23. Qg3 {[#] Les Noirs doivent éviter f4!} f4 24.
Qg4 Ra7 {[%eval -8,25]} (24... Rad8 $15 {[%eval -62,26]}) 25. Qe6+ $11 Qxe6 26.
dxe6 e4 {[%tqu "En","","","","c3g7","",10]} 27. Bxg7 Rxg7 {[%mdl 4096] Finale
RTT-RTT} 28. Rd6 Re8 {[%eval 43,24]} ({les Noirs devraient jouer} 28... f3 $11
{[%eval -10,28]} 29. g3 Rc7) 29. Rad1 {[%eval -107,23]} (29. Kf1 $14 {[%eval
43,24]}) {[%tqu "En","","","","g7g6","",10]} 29... f3 {[%eval 0,27]} (29... Rg6
$1 $17 {[%eval -107,23]} 30. Rxa6 f3) {[%tqu "En","","","","g1f1","",10]} 30.
Rd8 $2 {[%eval -406,25][%mdl 8192] [#]} (30. Kf1 $1 $11 {[%eval 0,27] et les
Blancs n'ont pas de soucis.}) {[%tqu "En","","","","g8f8","",10]} 30... Rxg2+
$4 {[%eval 561,25][%mdl 8192]} (30... Kf8 $1 $19 {[%eval -406,25] et tout va
bien pour les Noirs.} 31. e7+ {[%mdl 64] Déviation} Kxe7 32. R8d7+ Kf8 33.
Rxg7 Kxg7) 31. Kh1 Rxd8 {[%eval 32704,22]} (31... Rf8 $18 {[%eval 467,25]} 32.
e7 {[%mdl 64] Clouage} Re8) 32. Rxd8+ $18 {RT-RT} Kg7 33. e7 Rxf2 34. h4 Rf1+
35. Kh2 Rf2+ 36. Kg3 {[%eval 3759,36]} (36. Kh3 $142 {[%eval 32746,27]} Rd2 37.
e8=Q Rxd8 38. Qxd8 Kf7 39. Qd5+ {[%mdl 64] Attaque double} Kg7 40. Qxe4 Kf6 41.
Qxf3+ Ke5 42. Qc6) 36... Rg2+ 37. Kf4 $4 {[%eval -700,30][%mdl 8192]} (37. Kh3
{[%eval 32746,33] était le seul coup gagnant.} Rd2 38. e8=Q Rxd8 39. Qxd8 Kg6
40. Qg5+ Kf7 41. Qd5+ {[%mdl 64] Attaque double} Ke7 42. Qb7+ Ke6 43. Qxa6+ Ke7
44. Qb7+ Kf6 45. Qxe4) 37... f2 $19 38. Rg8+ Kf6 ({Mauvais est} 38... Kxg8 39.
e8=Q+ Kg7 40. Qe5+ Kg8 41. Qe8+ Kg7 42. Qe5+ Kg8 43. Qe8+ $11) 39. e8=Q {
Les Noirs abandonnent ??  Valeur d'erreur pondérée: Blancs=0.73/Noirs=0.84}
1-0